The etherized wife : privilege and power in sex therapy discourse /

'The Etherized Wife' provides a comprehensive examination of the evolution of sex therapy through the prism of gender. The book makes the argument that in sex therapy, like other domains of life in which men set the standard of normality, women have been judged normal to the degree they ma...

Full description

Main Author: Margolin, Leslie, 1945- (Author)
Language:English
Published: New York, NY : Oxford University Press, 2020.
Series:Oxford scholarship online.
Subjects:
Online Access:Oxford scholarship online
LEADER 02249nam a2200373 i 4500
001 EDZ0002383488
003 StDuBDS
005 20201216143013.0
006 m|||||o||d||||||||
007 cr |||||||||||
008 201118s2020 nyu fob 001|0|eng|d
020 |a 9780190061234 (ebook) :  |c No price 
040 |a StDuBDS  |b eng  |c StDuBDS  |e rda  |e pn 
050 0 |a RC557  |b .M37 2020 
082 0 4 |a 616.858306  |2 23 
100 1 |a Margolin, Leslie,  |d 1945-  |e author. 
245 1 4 |a The etherized wife :  |b privilege and power in sex therapy discourse /  |c Leslie Margolin. 
264 1 |a New York, NY :  |b Oxford University Press,  |c 2020. 
300 |a 1 online resource (232 pages). 
336 |a text  |2 rdacontent 
337 |a computer  |2 rdamedia 
338 |a online resource  |2 rdacarrier 
490 1 |a Oxford scholarship online 
500 |a Also issued in print: 2021. 
504 |a Includes bibliographical references and index. 
520 8 |a 'The Etherized Wife' provides a comprehensive examination of the evolution of sex therapy through the prism of gender. The book makes the argument that in sex therapy, like other domains of life in which men set the standard of normality, women have been judged normal to the degree they match men's expectations. What is particularly striking about this bias is that it contradicts therapists' overt identification with feminism and the battle against women's inequality. To support these claims, Leslie Margolin maps a series of case studies drawn from the discipline's own literature - the articles and books that have been, and continue to be, treated as exemplars of the discipline's collective consciousness. Through examination of case studies that focus on discrepancies in sexual desire, where the man wants more sex and the woman less, the text shows how therapists have favoured the man's side. 
521 |a Specialized. 
588 |a Description based on online resource; title from home page (viewed on November 19, 2020). 
650 0 |a Sex therapy. 
650 0 |a Sex (Psychology) 
650 0 |a Sex differences (Psychology) 
776 0 8 |i Print version :  |z 9780190061203 
830 0 |a Oxford scholarship online. 
856 4 0 |3 Oxford scholarship online  |u https://dx.doi.org/10.1093/oso/9780190061203.001.0001